| 000 | 01041cam a22003617a 4500 | ||
|---|---|---|---|
| 003 | CHAP | ||
| 005 | 20220817041243.0 | ||
| 008 | 971013s1993 r 00010 d | ||
| 010 | _a9700 | ||
| 011 | _a10672 | ||
| 035 | _a9910 | ||
| 040 | _cCHAP | ||
| 082 |
_a630 _bF3f v.103 |
||
| 110 | 2 | _aFAO | |
| 245 | 0 | _aLes banques ua service de l'environnement | |
| 260 |
_aRome : _bFAO, _c1993 |
||
| 300 | _a87 p. | ||
| 410 | _aFAO | ||
| 490 | 0 |
_aFAO. Servicios agrÃcolas _v; 103 |
|
| 590 |
_aBATCH-UPD _b10 _c20130110 _lUCH01 _h1626 |
||
| 590 |
_aBATCH-UPD _b10 _c20130410 _lUCH01 _h1020 |
||
| 590 |
_aBATCH-UPD _b10 _c20130914 _lUCH01 _h0532 |
||
| 590 |
_aCONVERSION _b10 _c20130109 _lUCH01 _h1306 |
||
| 650 | 1 | 4 |
_aBancos y operaciones bancarias. _99913 |
| 650 | 1 | 4 |
_aMedio ambiente. _974065 |
| 700 | 0 |
_aBarker, D. C. _910199 |
|
| 700 | 0 |
_aGudger, W. M. _951084 |
|
| 810 | 0 | _aFAO | |
| 830 | 0 | 0 |
_aFAO. Servicios agrÃcolas _v; 103 _939697 |
| 901 | _aBK | ||
| 942 | _cLIBRO | ||
| 949 |
_a630 F3f v.103 _bBC _cFAO _d-21078 _eFAO1 _h86278 _i9910 _mD _si |
||
| 999 |
_c9700 _d9700 |
||